00550 2200193 4500001002100000005001500021035002000036007000300056008004100059020001800100082001000118084001600128100002100144245009100165250001000256260003700266300002900303990002400332INLIS00000000000777420260701100851 a0010-0726000001ta260701 0 ind  a979-3604-09-3 a297.5 a297.5 UMA e1 aUmar, Nasaruddin1 a40 Seni Hidup Bahagia /cBerdasarkan Tuntunan Al-quran, As-Sunnah dan Salafush-shaalih acet.1 aYogyakarta :bMedia Abadi,c2005 a483 hlm :bilus. ;c21cm ac.1/7080/stpp/pb/01